000 00560nam a2200181 4500
001 144862
003 ES-MaACL
005 20230906201120.0
007 t|
008 070214s1970 sp r ||||1| spa d
100 1 _aSimi, Fréderic.
_9106471
245 1 0 _aAntes y después del Concorde /
_cFréderic Simi, Jacques Bankir ; traducción de Antonio Arema.
260 _aBarcelona :
_bRedondo,
_c1970.
300 _a178 p. :
_bil. ;
_c18 cm.
700 1 _aBankir, Jacques.
_925207
700 1 _aArema, Antonio.
_922588
852 _aES-MaACL
_jC-44387
_bR.73867
999 _c144862
_d144862